000 00854nam a2200277Ia 4500
003 OSt
005 20220928115726.0
006 a|||||r|||| 00| 0
007 ta
008 220927b |||||||| |||| 00| 0 eng d
020 _cUKP 190.00
024 _a142580
037 _b077, 28/02/2020, Excel Book International
_cTextual
040 _aSDCL
_cSDCL
_beng
041 _2eng
_aeng
082 _aR3g, Q9
100 _aCoady David Ed.
_9445777
245 0 _aRoutledge handbook of applied epistemology
260 _aNew York
_b Routledge
_c2019
300 _axi,344p.
_ccm.
490 _aRoutledge handbooks in philosophy
650 _aPhilosophy
700 _a Chase James Ed.
_9445778
942 _hR3g, Q9
_cTEXL
_2CC
999 _c760677
_d760677